Villes Mondiales sur une carte - Statistiques

Statistiques générales
  • Ce quiz a été pris 101 172 fois
    20 796 depuis la dernière actualisation
  • Le résultat moyen est 33 sur 49
Réponses sur la Carte
Les réponses sont colorées sur une échelle allant du rouge au vert en fonction du pourcentage des utilisateurs qui les ont devinées à leur premier essai. Vous pouvez retrouver ces pourcentages ci-dessous.
 
Statistiques - réponses
Tier City % Correct
Alpha + Paris
99%
Alpha ++ New York
97%
Alpha ++ Londres
95%
Alpha Madrid
95%
Alpha + Tokyo
91%
Alpha - Lisbonne
90%
Alpha Los Angeles
90%
Alpha - Berlin
89%
Alpha Mexico
89%
Alpha + Sydney
87%
Alpha + Pékin
83%
Alpha - Bruxelles
80%
Alpha - Dublin
80%
Alpha Amsterdam
79%
Alpha Milan
79%
Alpha + Dubaï
76%
Alpha Istanbul
75%
Alpha Séoul
75%
Alpha - New Delhi
74%
Alpha Varsovie
74%
Alpha - Buenos Aires
71%
Alpha + Shanghai
70%
Alpha - Washington
70%
Alpha São Paulo
69%
Alpha Chicago
68%
Alpha - Luxembourg
68%
Alpha - Vienne
68%
Alpha - Munich
67%
Alpha + Singapour
66%
Alpha Mumbai
64%
Alpha - San Francisco
64%
Alpha Jakarta
60%
Alpha + Hong Kong
59%
Alpha - Santiago
59%
Alpha - Stockholm
59%
Alpha - Zurich
57%
Alpha Bangkok
56%
Alpha Francfort-sur-le-Main
55%
Alpha Toronto
55%
Alpha - Boston
54%
Alpha - Johannesbourg
54%
Alpha - Melbourne
50%
Alpha - Riyad
48%
Alpha - Taipei
44%
Alpha Kuala Lumpur
43%
Alpha - Houston
39%
Alpha Canton
31%
Alpha - Shenzhen
26%
Alpha - Düsseldorf
24%
Aucun quiz correspondant
Distribution des résultats
% des personnes avec chaque résultat
Percentile par nombre de réponses
Votre historique - résultats
Vous n’avez pas pris ce quiz depuis la dernière actualisation